Horrible Harry and the Christmas surprise.
When their teacher ends up in the hospital, the members of class 2B find a way to include her in their holiday celebration.
Record details
- ISBN: 9780590466387
- ISBN: 0590466380
Search for related items by subject
| Subject: | Schools > Fiction. Christmas stories. |
Search for related items by series
Available copies
- 1 of 1 copy available at scottsboropl.
Holds
- 0 current holds with 1 total copy.
Show Only Available Copies
| Location | Call Number / Copy Notes | Barcode | Shelving Location | Status | Due Date |
|---|---|---|---|---|---|
| scottsboropl | JF Kli | 32269001098030 | Juvenile - Fiction | Available | - |
| LDR | 00951nam a2200277Ma 4500 | ||
|---|---|---|---|
| 001 | 150154 | ||
| 003 | CONS | ||
| 005 | 20190218125758.0 | ||
| 008 | 101106s1991 xx 000 0 eng d | ||
| 020 | . | ‡a9780590466387 ‡q(paperback) | |
| 020 | . | ‡a0590466380 ‡q(paperback) | |
| 035 | . | ‡a(CPomAG)LMN610822 | |
| 082 | 0 | 4. | ‡a[Fic] ‡220 |
| 100 | 1 | . | ‡aKline, Suzy. |
| 245 | 1 | 0. | ‡aHorrible Harry and the Christmas surprise. |
| 260 | . | ‡aScholastic, ‡c1991. | |
| 336 | . | ‡atext ‡btxt ‡2rdacontent | |
| 337 | . | ‡aunmediated ‡bn ‡2rdamedia | |
| 490 | 1 | . | ‡aHorrible Harry |
| 520 | . | ‡aWhen their teacher ends up in the hospital, the members of class 2B find a way to include her in their holiday celebration. | |
| 650 | 0. | ‡aSchools ‡vFiction. | |
| 650 | 0. | ‡aChristmas stories. | |
| 830 | 0. | ‡aHorrible Harry. | |
| 914 | . | ‡aSCP_LP | |
| 959 | . | ‡i32269001098030 ‡lJF Kli ‡aJuvenile - Fiction ‡tPaperback ‡g10.00 | |
| 852 | . | ‡p32269001098030 ‡jJF Kli ‡gJuvenile - Fiction ‡cPaperback ‡y10.00 ‡bSBPL | |
| 901 | . | ‡a150154 ‡bUnknown ‡c150154 ‡tbiblio | |